000 00153nam a22000857a 4500
082 _a823
100 _aDAN GREENBURG
245 _aTHE ZACK FILES
942 _cBK
999 _c8518
_d8518